000 00308 a2200133 4500
005 20240903145230.0
008 240209b |||||||| |||| 00| 0 eng d
020 _a9781783984909
100 _aFisher G.
_9205508
245 _aBlender 3D Basics
250 _a2nd ed.
260 _bPackt
_c2014
942 _cBK
999 _c356819
_d356819